Quizzes
Events
Quiz Creation
Community
Videos
Private Events
Remove Ads
Sign In
Join for FREE
Feedback
Dark Mode
Quiz Categories
Sports
Geography
Music
Movies
Television
Just For Fun
Miscellaneous
History
Literature
Language
Science
Gaming
Entertainment
Religion
Holiday
For Kids
Quiz Lab
Recent
Popular Today
Quiz Kudos Today
Editor Picks
Curator Picks
Quizzes by...
Day
Popularity
Type
Ratings
Length
Year
Community
Subscriptions
Recent Discussions
Orange Saloon
Badges
Playlists
Quests
Create
Leaderboards
Showdown
Live 5
Trivia Bingo
Activity
Puzzle Library
Sporcle Events
Private Events
Virtual Trivia
Globe League
Become a Host
Pub Owners
SporcleCon
Opinionation
Our Games
Videos
Blog
Mobile Apps
Partnerships
Remove Ads and Go Orange
Feedback
Sports
Athletes
MLB
NBA
NHL
NFL
Soccer
Sports Teams
WWE
NCAA
Football
Premier League
Basketball
Baseball
Hockey
Golf
Tennis
Cricket
Rugby
Auto Racing
Olympics
World Cup
Sports
Athletes
MLB
NBA
NHL
NFL
Soccer
Sports Teams
WWE
NCAA
Football
Premier League
Basketball
Baseball
Hockey
Golf
Tennis
Cricket
Rugby
Auto Racing
Olympics
World Cup
Random Quiz
Search Sporcle
×
Quiz Lab
Quiz Lab
Sports
bike
Type in answers that appear in a list
Type in answers that appear in a list
Classic
Best Score? Go Orange.
Tour Down Under 2014 Stats
Can you name the Tour Down Under 2014
By
SkierAJB7
4m
25 Questions
24 Plays
24 Plays
24 Plays
Comments
Comments
Give Quiz Kudos
Give Quiz Kudos
-
- Ratings
hide this ad
Replay
Link that replays current quiz
Next Quiz
Link to next quiz in quiz playlist
You Got
0%
They Got
Avg Score
70%
Avg Friend Score
Upgrade to see
Score Distribution
Jump to the score distribution portion of the page
Score
0/25
Timer
04:00
0
Plays Today
Hint
Answer
% Correct
Stage One 1st
Simon Gerrans
95.8%
Stage One 2nd
Andre Greipel
95.8%
Stage Four 1st
Andre Greipel
95.8%
Stage Two 2nd
Simon Gerrans
95.8%
Stage Six 1st
Andre Greipel
95.8%
Stage Five 3rd
Simon Gerrans
95.8%
Overall General Classification 1st
Simon Gerrans
95.8%
Overall Sprint Classification
Simon Gerrans
95.8%
Stage Three 1st
Cadel Evans
91.7%
Stage Two 3rd
Cadel Evans
91.7%
Overall General Classification 2nd
Cadel Evans
91.7%
Stage Five 1st
Richie Porte
87.5%
Stage Five 2nd
Diego Ulissi
79.2%
Hint
Answer
% Correct
Stage Three 3rd
Diego Ulissi
79.2%
Stage Two 1st
Diego Ulissi
79.2%
Overall General Classification 3rd
Diego Ulissi
79.2%
Overall Team Classification
Orica-Greenedge
75%
Overall King of the mountains
Adam Hansen
45.8%
Stage Four 3rd
Elia Viviani
37.5%
Stage Three 2nd
Nathan Haas
37.5%
Stage Six 2nd
Mark Renshaw
37.5%
Stage Six 3rd
Andrew Fenn
25%
Stage One 3rd
Steele Von Hoff
20.8%
Stage Four 2nd
Jürgen Roelandts
20.8%
Overall Best young rider
Jack Haig
20.8%
Quiz Playlist
Details
Report
Send in Message
Add To Playlist
Classic:
Type in answers that appear in a list
Quiz Source
Last Updated: Feb 16, 2017
Quiz Scoreboard
CHALLENGE
Sign Up to Join the Scoreboard
Show All
Scores
Hide
Comments
May contain spoilers
Recently Published
One Thing in Common: World Cities II
by knightlancer
Geography
7m
Popular People in 1961
by mucciniale
History
6m
1-10 Letter E Words III
by El_Dandy
Language
2m
More to Explore
Quiz From the Vault
Featured Blog Post
Where Did the Easter Bunny Come From?
hide this ad
You Might Also Like...
Tags
2014
Adelaide
Australia
bike
Cycling
Today's Top Quizzes in Sports
Browse Sports
hide this ad
Top Contributed Quizzes in Sports
1
2022 World Cup Stars
2
Les entraîneurs de l'OM et du PSG au 21e siècle
3
FIFA Club World Cup Champions
4
Criteria MLB: Left Handed Sluggers
5
Les meilleurs buteurs des matchs entre le PSG et l’OM
6
Name the Premier League winners with different clubs
7
Players with Multiple 50 Home Run Seasons
8
MLB Players with Two .350 Batting Average Seasons
9
La finale Lions - Afrique du Sud 2021
10
MLB Hall of Famer by Rings
Explore More
Trending Topics
Crossword
Kpop
Marvel
Harry Potter
Anime
Disney
NBA
Puzzle
Soccer
Country
Pokémon
WWE
Song
NFL
The Office
hide this ad
More By:
SkierAJB7
Quiz
Plays
Rating
Category
Featured
Created
Tour Down Under 2014
24
Sports
Jan 31, 2014
Jacob's Top Surnames
9
1.00
Just For Fun
Jul 17, 2013
Go to Creator's Profile
Score Distribution
Quiz Creator Spotlight
SkierAJB7
Follow
Send a Message
Quizzes Created
-
Created Quiz Play Count
-
More By This Creator
Popular Quizzes Today
1
Find the US States - No Outlines Minefield
2
The Countries of the World
3
Popular People in 1961
4
Find the Countries of Europe - No Outlines Minefield
5
1-10 Letter E Words III
6
Find the US States
7
One Thing in Common: World Cities II
8
US States
More Sports Quizzes
NBA Franchise Blocks Leader Match-up
Quiz Lab
Trending Quizzes
Country Music Stars Doing Things
Get the Picture: Carrie or Dolly
1-10 Letter F Words
1-10 Letter G Words
Risky Map Clicking: Next State Alphabetically
Recently Updated
Leaping Animals
pecheneg
Reality TV Shows (A-Z)
bhenderson79
Rickey Henderson's Hall of Fame Teammates
pecheneg
Champions League XIs: Arsenal
pecheneg
Quick Pick: Celebrities in WWE's Hall of Fame
aduchscher
A-Z Keypad Blitz II
pecheneg
Multiple Oscar Actors
pecheneg
Mystery Phrase Blitz: Oscar 'Best Actors'
pecheneg
F. Scott Fitzgerald Novels
LTH
Pick 3 Villains
ddd62291
Trending Topics
Crossword
Anime
NBA
Marvel
Kpop
Disney
Harry Potter
Puzzle
The Office
Country
Song
NFL
Pokémon
WWE
Soccer
Your Account Isn't Verified!
In order to create a playlist on Sporcle, you need to verify the email address you used during registration. Go to your
Sporcle Settings
to finish the process.
Report this User
Report this user for behavior that violates our
Community Guidelines
.
Details:
Send Report
Go to the Sporcle.com Mobile Site →
Comments